|
|
|
|
| LEADER |
01039nam a2200253 a 4500 |
| 001 |
4239583 |
| 008 |
091117s1982 bg b 000 0 eng d |
| 010 |
|
|
|a 82905393
|
| 020 |
|
|
|c Tk100.00 ($10.00 U.S.)
|
| 040 |
|
|
|a DLC
|c DLC
|d DLC
|
| 082 |
0 |
0 |
|a 331.11/0954923
|2 19
|
| 100 |
0 |
|
|a Barkat-e-Khuda.
|
| 245 |
1 |
4 |
|a The use of time and underemployment in rural Bangladesh /
|c Barkak-e-Khuda.
|
| 260 |
|
|
|a [Dacca] :
|b University of Dacca,
|c 1982.
|
| 300 |
|
|
|a xv, 205 p. ;
|c 25 cm.
|
| 500 |
|
|
|a Revision of the author's thesis (Ph. D.--Australian National University, 1978)
|
| 504 |
|
|
|a Bibliography: p. [188]-205.
|
| 541 |
1 |
|
|e 00004017
|
| 650 |
|
0 |
|a Manpower policy, Rural
|z Bangladesh
|z Barkait.
|
| 650 |
|
0 |
|a Underemployment
|z Bangladesh
|z Barkait.
|
| 650 |
|
0 |
|a Labor supply
|z Bangladesh
|z Barkait.
|
| 852 |
4 |
|
|a Ayesha Abed Library
|j General Shelf.
|
| 999 |
|
|
|c 5591
|d 5591
|
| 952 |
|
|
|0 0
|1 0
|2 ddc
|4 0
|6 331_110954923000000_BAR_1982
|7 0
|9 5553
|a BRACUL
|b BRACUL
|c GEN
|d 2009-11-19
|g 200.00
|l 0
|o 331.110954923 BAR
|p 3010004017
|r 2009-11-19
|t 1
|v 400.00
|w 2009-11-19
|y BK
|